00666nam a22002052 4500001001100000005001700011008004100028020001700069040001500086100003400101245011200135250001400247260003600261300002800297650003400325700003100359700003300390700003400423852000300457000002435720151217154509.0130909s xx 000 0 eng d a0071222154 : aKABUcKABU1 aWidmaier, Eric P.@000018143710aVander's human physiology :bthe mechanisms of the body /cEric P. Widmaier, Hershel Raff, Kevin T. Strang. a12th ed. aNew York :bMcGraw-Hill,c2008. a1 v. (various paging) ; 0aHuman physiology.@00001555971 aRaff, Hershel.@00001814381 aStrang, Kevin T.@00001814391 aVander, Arthur J.@00001843711